Szczegóły MARC21

Zarządzanie kompetencjami : perspektywa firmowa i osobista /

003 -Nazwa inst., której nr kontr. jest w polu 001 [,]
    • @
    • Nazwa instytucji, której n kontrolny jest w polu 001
    • NUKAT
005 -DATA I CZAS OSTATNIEJ MODYFIKACJI [,]
    • @
    • pole kontrolne
    • 20250717014625.0
020 -Międzynarod. znormalizowany nr książki - ISBN [ , ]
    • a
    • Numer ISBN
    • 9788381608008 Find
040 -Instytucja sporządzająca opis [ , ]
    • a
    • Instytucja, która sporządziła opis (NP)
    • WR U/da
    • b
    • Język katalogowania
    • pol
    • e
    • Zasady katalogowania
    • rda
    • c
    • Instytucja, która sporządziła rekord (NP)
    • WR U/das
    • d
    • Instytucja, która zmodyfikowała rekord (P)
    • WR U/hp
    • d
    • Instytucja, która zmodyfikowała rekord (P)
    • WA U/WM
    • d
    • Instytucja, która zmodyfikowała rekord (P)
    • WA 14/MBs
942 -Rodzaj dokumentu [ , ]
    • c
    • Rodzaj dokumentu
    • Książka
100 -Hasło główne - nazwa osobowa [1, ]
    • a
    • Nazwa osobowa (NP)
    • Filipowicz, Grzegorz.
    • e
    • Rodzaj współpracy
    • Autor
    • 9
    • KHW
    • 68573
245 -Strefa tytułu i oznaczenia odpowiedzialności [1,0]
    • a
    • Tytuł
    • Zarządzanie kompetencjami : Find
    • b
    • Ciąg dalszy tytułu (NP)
    • perspektywa firmowa i osobista / Find
    • c
    • Pozostałe elementy strefy tytułu i oznaczenia odpowiedzialności (NP)
    • Grzegorz Filipowicz.
250 -Strefa wydania [ , ]
    • a
    • Oznaczenie wydania (NP)
    • Wydanie III poszerzone.
260 -Strefa adresu wydawniczego [ , ]
    • a
    • Miejsce wydania (P)
    • Warszawa :
    • b
    • Nazwa wydawcy (P)
    • Wolters Kluwer,
    • c
    • Data wydania (P)
    • 2019.
300 -Strefa opisu fizycznego [ , ]
    • a
    • Określenie formy książki i/lub objętość (NP)
    • 402 strony :
    • b
    • Oznaczenie ilustracji (NP)
    • ilustracje ;
    • c
    • Format (NP)
    • 24 cm.
336 -Typ zawartości [ , ]
    • a
    • Termin opisujący typ zawartości
    • Tekst
    • b
    • Kod określający zawartość
    • txt
    • 2
    • Źródło (terminu i kodu)
    • rdacontent
337 -Typ mediów [ , ]
    • a
    • Tryb odtwarzania
    • Bez urządzenia pośredniczącego
    • b
    • Kod typu mediów
    • n
    • 2
    • Źródło (terminu i kodu)
    • rdamedia
338 -Typ/rodzaj nośnika [ , ]
    • a
    • Hasło opisujące typ nośnika
    • Wolumin
    • b
    • Kod typu nośnika
    • nc
    • 2
    • Źródło (terminu i kodu)
    • rdacarrier
380 -Deskryptor - Forma dzieła (P) [ , ]
    • a
    • forma dzieła (NP)
    • Książki
380 -Deskryptor - Forma dzieła (P) [ , ]
    • a
    • forma dzieła (NP)
    • Publikacje fachowe
385 -Deskryptor - grupa odbiorców (P) [ , ]
    • a
    • termin określający odbiorcę (P)
    • Doradcy personalni
385 -Deskryptor - grupa odbiorców (P) [ , ]
    • a
    • termin określający odbiorcę (P)
    • Menedżerowie i menedżerki
388 -Deskryptor - czas powstania dzieła (P) [1, ]
    • a
    • Czas powstania dzieła (NP)
    • 2001-
490 -Strefa serii i książki wielotomowej - forma nie do wyszukiwania [1, ]
    • a
    • Tytuł (P)
    • HR Find
830 -Hasło dodatkowe serii i opisu książki wielotomowej - tytuł ujednolicony/tytuł [ ,0]
    • a
    • Tytuł ujednolicony/tytuł (NP)
    • Zarządzanie Zasobami Ludzkimi (HR)
    • 9
    • KHW
    • 969
500 -Uwaga ogólna [ , ]
    • a
    • Uwaga ogólna (NP)
    • Na okładce: "Diagnoza potencjału kompetencyjnego online" dostępna bezpłatnie po wpisaniu kodu aktywacyjnego na stronie wydawnictwa.
504 -Uwaga dot. bibliogr. załącznikowej [ , ]
    • a
    • Uwaga dot. bibliografii załącznikowej
    • Bibliografia na stronach 391-395. Indeks.
648 -Hasło przedmiotowe - chronologia [ ,7]
    • a
    • Deskryptor chronologiczny
    • 2001-
    • 2
    • Źródło terminu
    • DBN
    • 9
    • KHW
    • 721449
650 -Hasło przedmiotowe [ ,7]
    • a
    • Hasło przedmiotowe
    • Uzdolnienia kierownicze.
    • 2
    • Źródło terminu
    • kaba
    • 9
    • KHW
    • 134848
650 -Hasło przedmiotowe [ ,7]
    • a
    • Hasło przedmiotowe
    • Personel
    • x
    • Określnik rzeczowy
    • kierowanie
    • y
    • Określnik chronologiczny
    • 1990-.
    • 2
    • Źródło terminu
    • kaba
    • 9
    • KHW
    • 362765
650 -Hasło przedmiotowe [ ,7]
    • a
    • Hasło przedmiotowe
    • Zasoby ludzkie
    • y
    • Określnik chronologiczny
    • 1990-.
    • 2
    • Źródło terminu
    • kaba
    • 9
    • KHW
    • 367871
650 -Hasło przedmiotowe [ ,7]
    • a
    • Hasło przedmiotowe
    • Kwalifikacje zawodowe
    • x
    • Określnik rzeczowy
    • zarządzanie.
    • 2
    • Źródło terminu
    • kaba
    • 9
    • KHW
    • 381931
650 -Hasło przedmiotowe [ ,7]
    • a
    • Hasło przedmiotowe
    • Kariera
    • 2
    • Źródło terminu
    • DBN
    • 9
    • KHW
    • 744337
650 -Hasło przedmiotowe [ ,7]
    • a
    • Hasło przedmiotowe
    • Zarządzanie kompetencjami
    • 2
    • Źródło terminu
    • DBN
    • 9
    • KHW
    • 738069
650 -Hasło przedmiotowe [ ,7]
    • a
    • Hasło przedmiotowe
    • Zarządzanie talentami
    • 2
    • Źródło terminu
    • DBN
651 -Hasło przedmiotowe w formie nazwy geograficznej [ ,7]
    • a
    • Nazwa geograficzna
    • Polska
    • 2
    • Źródło terminu
    • DBN
    • 9
    • KHW
    • 721438
655 -Hasło w funkcji tematu formalnego [ ,7]
    • a
    • Hasło
    • Opracowanie
    • 2
    • Źródło terminu
    • DBN
    • 9
    • KHW
    • 721206
658 -Ujęcie treści [ , ]
    • a
    • dziedzina nauki i sztuki/ sfera aktywności życiowej
    • Zarządzanie i marketing
710 -Hasło dodatkowe - nazwa ciała zbiorowego [2, ]
    • a
    • Nazwa ciała zbiorowego lub nazwa geograficzna jako pierwszy element (NP)
    • Wolters Kluwer Polska.
    • e
    • Rodzaj współpracy
    • Wydawca
    • 4
    • Kod relacji
    • pbl
    • 9
    • KHW
    • 52677
920 -ISBN [ , ]
    • a
    • ISBN
    • 978-83-8160-800-8 Find
Status udost. Numer inwentarzowy Data inwentaryzacji Lokalizacja
-2E.793572019-12-17BE
-2S.962212019-12-17BE